[Event "Santa Margalida Mallorca-ch"]
[Site "Santa Margalida"]
[Date "2016.12.02"]
[Round "7"]
[White "Rodriguez Bennassar, Miquel A"]
[Black "Crespi Heredia, Genis"]
[Result "0-1"]
[WhiteElo "1371"]
[BlackElo "1865"]
[PlyCount "68"]
[EventDate "2016.11.11"]
[EventType "swiss"]
[EventRounds "8"]
[EventCountry "ESP"]
[SourceTitle "EXT 2018"]
[Source "ChessBase"]
[SourceDate "2017.10.13"]
[SourceVersion "1"]
[SourceVersionDate "2017.10.13"]
[SourceQuality "1"]

1. d4 e6 2. c4 b6 3. Nf3 Bb7 4. g3 Nf6 5. Bg2 Bb4+ 6. Nc3 Ne4 7. Qc2 Nxc3 8. bxc3 Be7 9. 0-0 0-0 10. e4 Nc6 11. d5 Na5 12. Nd2 c5 13. e5 Ba6 14. dxe6 dxe6 15. Bxa8 Qxa8 16. f4 Nxc4 17. Nxc4 Bxc4 18. Rd1 Bd5 19. Rxd5 Qxd5 20. Ba3 Rd8 21. Bc1 c4 22. Be3 g6 23. Bd4 Bc5 24. Rd1 Qf3 25. Rd2 Bxd4+ 26. Rxd4 Rxd4 27. cxd4 Qe3+ 28. Qf2 Qc1+ 29. Qf1 Qxf1+ 30. Kxf1 b5 31. Ke2 Kf8 32. Kd2 Ke7 33. Kc3 Kd7 34. Kb4 Kc6 0-1

[Event "Santa Margalida Mallorca-ch"]
[Site "Santa Margalida"]
[Date "2016.11.19"]
[Round "4"]
[White "Faramelli Ribas, Miquel Angel"]
[Black "Crespi Heredia, Genis"]
[Result "1-0"]
[WhiteElo "1602"]
[BlackElo "1865"]
[PlyCount "37"]
[EventDate "2016.11.11"]
[EventType "swiss"]
[EventRounds "8"]
[EventCountry "ESP"]
[SourceTitle "EXT 2018"]
[Source "ChessBase"]
[SourceDate "2017.10.13"]
[SourceVersion "1"]
[SourceVersionDate "2017.10.13"]
[SourceQuality "1"]

1. e4 d6 2. d4 Nf6 3. Nc3 g6 4. f4 e5 5. dxe5 dxe5 6. Qxd8+ Kxd8 7. fxe5 Ng4 8. Bg5+ f6 9. exf6 h6 10. Bh4 g5 11. Bg3 Bb4 12. 0-0-0+ Ke8 13. Nd5 Ba5 14. h3 c6 15. Nc7+ Bxc7 16. Bxc7 Kf7 17. hxg4 Bxg4 18. Nf3 Kxf6 19. Be5+ 1-0

[Event "Santa Margalida Mallorca-ch"]
[Site "Santa Margalida"]
[Date "2016.11.18"]
[Round "3"]
[White "Crespi Heredia, Genis"]
[Black "Perez Gandesa, Jose Antonio"]
[Result "0-1"]
[WhiteElo "1865"]
[BlackElo "1808"]
[PlyCount "72"]
[EventDate "2016.11.11"]
[EventType "swiss"]
[EventRounds "8"]
[EventCountry "ESP"]
[SourceTitle "EXT 2018"]
[Source "ChessBase"]
[SourceDate "2017.10.13"]
[SourceVersion "1"]
[SourceVersionDate "2017.10.13"]
[SourceQuality "1"]

1. d4 Nf6 2. Bg5 e6 3. e4 h6 4. Bxf6 Qxf6 5. e5 Qd8 6. Nf3 c5 7. c3 Nc6 8. Bb5 Qb6 9. Bxc6 Qxb2 10. Bxd7+ Bxd7 11. Nbd2 Bc6 12. Qc1 Qxc1+ 13. Rxc1 cxd4 14. cxd4 Bb4 15. 0-0 0-0 16. Rb1 Ba5 17. Nc4 Bc7 18. Rfc1 Rfd8 19. Ne3 Rd7 20. Rb4 Rad8 21. Rbc4 Bb6 22. Nc2 Bd5 23. Rc3 Bxa2 24. Nb4 Bd5 25. Nxd5 Rxd5 26. g3 Bxd4 27. Nxd4 Rxd4 28. R3c2 Rd1+ 29. Rxd1 Rxd1+ 30. Kg2 Rb1 31. Rc8+ Kh7 32. Rc7 Kg6 33. h4 h5 34. Kf3 a5 35. Rc3 a4 36. Ra3 Rb3+ 0-1